书目信息 |
| 题名: |
美德书
|
|
| 作者: | 贝内特 , 何吉贤 著 | |
| 分册: | ||
| 出版信息: | 北京 中央编译出版社 2006 |
|
| 页数: | 747页 | |
| 开本: | 23cm | |
| 丛书名: | ||
| 单 册: | ||
| 中图分类: | G611 , B825-49 | |
| 科图分类: | ||
| 主题词: | 品德教育 , 品德教育--儿童读物 , 伦理学 | |
| 电子资源: | ||
| ISBN: | 7-80109-328-3 | |
| 000 | 01174nam0 2200325 450 | |
| 000 | 01151nam0 2200301 450 | |
| 000 | 01084nam0 2200277 450 | |
| 000 | 01048nam0 2200265 45 | |
| 005 | 20070727171404.85 | |
| 010 | @a7-80109-328-3@dCNY68.00 | |
| 100 | @a20070508d2006 em y0chiy0120 ea | |
| 101 | 1 | @achi@ceng |
| 102 | @aCN@b110000 | |
| 105 | @ay z 000yy | |
| 200 | 1 | @a美德书@AMei De Shu@dThe book of virtues@f(美)威兼·贝内特(William J. Bennett)编著@F( Mei ) Wei Jian· Bei Nei Te (William J. Bennett) Bian Zhu@g何吉贤[等]译@zeng |
| 205 | @a2版 | |
| 210 | @a北京@c中央编译出版社@d2006 | |
| 215 | @a747页@d23cm | |
| 305 | @a由大苹果股份有限公司代理授权出版 | |
| 330 | @a本书是一本道德文字的“指南书”,选美德的故事、小说、诗歌、散文、和其他形式的文字,包括同情、自律、责任、友谊、工作、勇气、毅力、诚实、忠诚等方面。 | |
| 510 | 1 | @aBook of virtues@zeng |
| 606 | 0 | @a品德教育 |
| 606 | 0 | @a品德教育@x儿童读物 |
| 606 | 0 | @a伦理学 |
| 690 | @aG611@v4 | |
| 690 | @aB825-49@v3 | |
| 701 | 1 | @c(美)@a贝内特@ABei Nei Te@g(Bennett, William J.)@4著 |
| 701 | 0 | @a何吉贤@AHe Ji Xian@4译 |
| 801 | 0 | @aCN@bTAOJIN@c20070727 |
| 905 | @a10447@dB825-49@e365 | |
| 美德书=The book of virtues/(美)威兼·贝内特(William J. Bennett)编著/何吉贤[等]译.-2版.-北京:中央编译出版社,2006 |
| 747页;23cm |
| ISBN 7-80109-328-3:CNY68.00 |
| 本书是一本道德文字的“指南书”,选美德的故事、小说、诗歌、散文、和其他形式的文字,包括同情、自律、责任、友谊、工作、勇气、毅力、诚实、忠诚等方面。 |
| ● |
| 相关链接 |
|
|
|
|
正题名:美德书
索取号:B825-49/365
 
预约/预借
| 序号 | 登录号 | 条形码 | 馆藏地/架位号 | 状态 | 备注 |
| 1 | 0822005 | 208220058 | 第一样本阅览室/ [索取号:B825-49/365] | 在馆 | |
| 2 | 0822006 | 208220067 | 第一借阅区/ [索取号:B825-49/365] | 在馆 | |
| 3 | 0822007 | 208220076 | 教育系资料室/ [索取号:B825-49/365] | 在馆 | |
| 4 | 0822008 | 208220085 | 第一借阅区/ [索取号:B825-49/365] | 在馆 | |
| 5 | 0822009 | 208220094 | 密集书库/ [索取号:B825-49/365] | 在馆 |